| 000 | 00441nam a2200157 a 4500 | ||
|---|---|---|---|
| 005 | 20140513081056.0 | ||
| 008 | 070905s19uu xx 00 eng d | ||
| 050 |
_aDVD _bYo67 2005 |
||
| 100 | _aLucado, Max | ||
| 245 |
_aYou are special / (motion picture) / _cMax Lucado. |
||
| 260 |
_aPhilippines : _bLighthouse educational, _c2005. |
||
| 500 | _aApprox 60 mins. | ||
| 520 | _aA story about self-worth | ||
| 999 |
_c116546 _d116546 |
||